000 00491nam a2200169Ia 4500
008 090711s9999 xx 000 0 und d
082 _b58443
100 _aभावे ह. अ.
245 _aसिंहासन बत्तिशी
260 _c1987
300 _a243
600 _aभावे ह. अ.
630 _aसिंहासन बत्तिशी
700 _aभावे ह. अ.
730 _aसिंहासन बत्तिशी
942 _cBOOK
999 _c327468
_d327468